000 00363nam a2200145Ia 4500
008 240624s9999 xx 000 0 und d
041 _aeng
082 _a519.5 MEN
100 _aMENARD SCOTT
245 _aLONGITUDINAL RESEARCH
250 _a(2nd ed.)
260 _c2002
_aNew Delhi
_bSage Publications
300 _aviii, : 93 : p. : cm. ; 21
365 _cBPS
_b30
999 _c8539
_d8539